Statystyki dla ouiz o logach polskich zespołów

Kliknij tutaj aby rozwiązać quiz!

Ogólne statystyki

  • Ten quiz został rozwiązany 28 razy
  • Średni wynik to 5 z 9

Statystyki odpowiedzi

HintOdpowiedź% Poprawnych
poznanlech poznań
100%
warszawalegia warszawa
100%
gdyniaarka gdynia
71%
gdańsklechia gdańsk
71%
radomradomiak radom
71%
częstochowarakowczęstochowa
63%
brukbruk bet
33%
kostrzyn nad odrąMOSiR Kostrzyn nad Odrą
4%
kostrzyn wlkplechia kostrzyn
0%

Rozkład punktacji

Percentyl według liczby udzielonych odpowiedzi

Procent ludzi z każdym wynikiem

Twoja historia wyników

Nie rozwiązałeś tego quizu